• 首页
  • 本馆介绍
  • 公告通知
  • 最新文献
  • 馆藏检索
  • 电子资源
  • 读者导购
  • 参考咨询
  • 我的图书馆
  • 登录
  • 详细信息显示
  • 放入我的书架
  • 预约/预借图书
  • 作者相关作品
  • 分类相关作品
  • 丛书相关作品
  • 出版社相关作品

书目信息

  • 表格格式
  • 工作单格式
  • 卡片格式
题名:
创业之星实用教程
    
 
作者: 劳本信 主编
分册:  
出版信息: 北京   电子工业出版社  2018.02
页数: 11, 128页
开本: 26cm
丛书名:
单 册:
中图分类: F273.1
科图分类:
主题词: 创业--chuang ye--教材
电子资源:
ISBN: 978-7-121-33420-7
000 00996nam0 2200253 450
001 0109110111
005 20201109110335.0
010    @a978-7-121-33420-7@dCNY29.00
100    @a20180513d2018 em y0chiy50 ea
101 0  @achi
102    @aCN@b110000
105    @aa z 000yy
106    @ar
200 1  @a创业之星实用教程@Achuang ye zhi xing shi yong jiao cheng@dPractical course for entrepreneurship@f劳本信主编@zeng
210    @a北京@c电子工业出版社@d2018.02
215    @a11, 128页@c图@d26cm
300    @a华信经管创新系列
330    @a本书综合运用管理学、企业战略管理、生产运作管理、市场营销、人力资源管理、财务管理、企业资源计划(ERP)等方面的专业理论与方法,从创业(商业)计划编制、创业(商业)计划执行和企业运营管理的角度,综合训练大学生的创业与运营管理能力。
510 1  @aPractical course for entrepreneurship@zeng
606 0  @a创业@Achuang ye@j教材
690    @aF273.1@v5
701  0 @a劳本信@Alao ben xin@4主编
801  0 @aCN@bBJSZM@c20201103
905    @b1266920-3@dF273.1@e1733@f4
    
    创业之星实用教程=Practical course for entrepreneurship/劳本信主编.-北京:电子工业出版社,2018.02
    11, 128页:图;26cm
    华信经管创新系列
    
    ISBN 978-7-121-33420-7:CNY29.00
    本书综合运用管理学、企业战略管理、生产运作管理、市场营销、人力资源管理、财务管理、企业资源计划(ERP)等方面的专业理论与方法,从创业(商业)计划编制、创业(商业)计划执行和企业运营管理的角度,综合训练大学生的创业与运营管理能力。
●
相关链接 在E读中查询图书 在五车中查询图书 在当当中查询图书 在豆瓣中查询图书


正题名:创业之星实用教程     索取号:F273.1/1733         预约/预借

序号 登录号 条形码 馆藏地/架位号 状态 备注
1 1266920   212669209   第一样本阅览室/ [索取号:F273.1/1733] 在馆    
2 1266921   212669218   教育系资料室/ [索取号:F273.1/1733] 在馆    
3 1266922   212669227   教育系资料室/ [索取号:F273.1/1733] 在馆    
4 1266923   212669236   第一借阅区/ [索取号:F273.1/1733] 在馆    
唐山师范学院图书馆 欢迎您!
大连网信软件有限公司© 版权所有